000 00552nam a2200181Ia 4500
008 240729s9999 xx 000 0 und d
022 _a2214-6237
245 0 _aJournal of Clinical & Translational Endocrinology
260 _aUnited States
260 _bElsevier
650 _a Diseases of the endocrine glands. Clinical endocrinology
650 _a Internal medicine
650 _a Specialties of internal medicine
650 _aMedicine
856 _uhttps://doaj.org/toc/3851c09da02743eebf2280189cc27ce1
942 _2ddc
942 _cDOAJEJ
999 _c72768
_d72768
945 _a1
_bMadushi Gamage
_c1
_dMadushi Gamage